00274nam a2200121Ia 4500100003400000650000900034366000700043245003200050260002300082082001500105300000900120546002300129 aShah/Sharanam/ Shah/Vaishali  aJava f20 aJava EE project using EJB 3 bShroff Publ.c2009 a5.133bSHA a1129 aENGLISHcComputers